000 01636nas a2200349 a 4500
001 .b59144488
005 20240305165511.0
007 cr |||||||||||
008 140522c20129999mx fr p s 0 b0spa|c
022 _a2007-4638
_y2007-4425
035 _a21831
040 _aES-BaCBU
_bcat
_cES-BaCBU
_dvLex
041 0 _aspa
_beng
090 _c8083
_d8083
222 0 _aRevista mexicana de análisis político y administración pública
_b(En línea)
245 0 0 _aRevista mexicana de análisis político y administración pública
_h[Recurso electrónico]
246 3 _aREMAP
256 _aServicio en línea
260 _aGuanajuato :
_bUniversidad de Guanajuato. División de Derecho, Política y Gobierno. Departamento de Estudios Políticos :
_bDepartamento de Gestión Pública,
_c2012-
310 _aSemestral
362 0 _aVol. 1, no. 1 (enero-jun. 2012)-
506 _aDisponible solo en los productos indicados
_dvLex Global
_dvLex Global (Academic Edition, excluding Law Schools)
_dvLex Global (U.S. Academic Edition, Law Schools)
_dvLex Global (U.S. Academic Edition, excluding Law Schools)
_dvLex Global (Academic Edition, Law Schools)
546 _aTexto en castellano, resúmenes en inglés y castellano
650 0 9 _aAdministración pública
_2thub
650 0 9 _aPolítica
_2thub
651 9 _aMéxico
_2thub
710 2 _aUniversidad de Guanajuato.
_bDepartamento de Estudios Políticos
710 2 _aUniversidad de Guanajuato.
_bDepartamento de Gestión Pública
740 0 _avLex Revistas (Servicio en línea)
856 4 0 _uhttps://app.vlex.com/#/sources/boletin-actualidad-vlex-21831
942 _cRAA
999 _c166320
_d166320